000 00301nam a2200133Ia 4500
005 20251222141923.0
008 251222s9999||||xx |||||||||||||| ||spa||
020 _a84-254-1344-3
082 _a232/S29C
100 _aSchierse, Franz Joseph
245 0 _aCristologĂ­a
264 _bHerder
942 _cLIB
999 _c8791
_d8791